000 00640nam a2200217 u 4500
005 20230316063605.0
008 141103s2006 r 000 0 eng d
020 _a8449431093
035 _aUPN01000200568
049 _aI
050 4 _aPZ7
_bT4.3
100 1 _aThomas, Valerie
_933446
245 1 3 _aLa bruja Winnie /
_cValerie Thomas ; il. Korky Paul.
260 _aBarcelona, Esp. :
_bOcéano,
_cc2006.
300 _a[24] p. :
_bil. col.
534 _pTraducción de:
_tWinnie the witch
650 4 _aCuentos infantiles ingleses
_910002
650 4 _aBRUJAS -
_vLITERATURA INFANTIL
_94409
905 _aInfantil
999 _c172669
_d172669